[Event "DSOL 05 Liga Gr-D 1st"]
[Site "Playchess.com INT"]
[Date "2020.08.11"]
[Round "2.3"]
[White "Witte, Philipp"]
[Black "Huesemann, Horst"]
[Result "1-0"]
[WhiteElo "1684"]
[BlackElo "1587"]
[PlyCount "57"]
[EventDate "2020.06.22"]
[EventType "team-tourn (rapid)"]
[EventCountry "GER"]
[SourceTitle "EXT 2021"]
[Source "ChessBase"]
[SourceDate "2020.10.23"]
[SourceVersion "1"]
[SourceVersionDate "2020.10.23"]
[SourceQuality "1"]
[WhiteTeam "Billerbeck Tuerme"]
[BlackTeam "Bad Essen"]
[WhiteTeamCountry "GER"]
[BlackTeamCountry "GER"]

1. e4 c5 2. Nf3 Nc6 3. Bb5 d6 4. 0-0 Bd7 5. c3 a6 6. Ba4 b5 7. Bc2 e5 8. d4 cxd4 9. cxd4 Bg4 10. d5 Nd4 11. Nbd2 Rc8 12. Bd3 Nf6 13. h3 Nxf3+ 14. Nxf3 Bd7 15. Be3 Be7 16. Qd2 0-0 17. Rac1 Rxc1 18. Rxc1 Qa8 19. Rc7 Rc8 20. Ra7 Qb8 21. Qa5 Ne8 22. Rxd7 f5 23. Rxe7 fxe4 24. Bxe4 Nf6 25. Bf5 Rc4 26. Be6+ Kf8 27. Rf7+ Ke8 28. Rxg7 Qa8 29. Bg5 1-0